Труды Государственного Гидрологического института. Вып. 8: Работы Беломорской методической станции (Запись № 13632131)

Подробности
000 -МАРКЕР
контрольное поле 03399nam2a2200421 4500
001 - ИДЕНТИФИКАТОР ЗАПИСИ
контрольное поле rc\2968551
005 - ИДЕНТИФИКАТОР ВЕРСИИ
контрольное поле 20260407021754.0
010 ## - МЕЖДУНАРОДНЫЙ СТАНДАРТНЫЙ НОМЕР КНИГИ (ISBN)
Тираж 750
Цена 15 р.
035 ## - ДРУГИЕ СИСТЕМНЫЕ НОМЕРА
Идентификатор записи (NLR Aleph) 009035882
100 ## - ДАННЫЕ ОБЩЕЙ ОБРАБОТКИ
Данные общей обработки 20110906d1939 k y0rusy50 ca
101 0# - ЯЗЫК РЕСУРСА
Язык текста, звукозаписи и т.д. русский
Язык главного источника информации английский
102 ## - СТРАНА ПУБЛИКАЦИИ ИЛИ ПРОИЗВОДСТВА
Страна публикации российская федерация
105 ## - ПОЛЕ КОДИРОВАННЫХ ДАННЫХ: ТЕКСТОВЫЕ МАТЕРИАЛЫ, МОНОГРАФИЧЕСКИЕ
Кодированные данные о монографическом текстовом документе ab z ||||b
200 1# - ЗАГЛАВИЕ И СВЕДЕНИЯ ОБ ОТВЕТСТВЕННОСТИ
Основное заглавие Работы Беломорской методической станции
Первые сведения об ответственности Главное управление Гидрометеорологической службы СССР при СНК Союза ССР
Последующие сведения об ответственности под редакцией К.М. Дерюгина и В.В. Тимонова
210 ## - ПУБЛИКАЦИЯ, РАСПРОСТРАНЕНИЕ И ДР.
Место издания, распространения и т.д. Ленинград
-- Москва
Имя издателя, распространителя и т. д. Гидрометеорологическое издательство
Дата издания, распространения и т.д. 1939
215 ## - ФИЗИЧЕСКАЯ ХАРАКТЕРИСТИКА
Специфическое обозначение материала и объем 290 с., 5 вкл. л. ил., карт., схем.
Другие сведения о физической характеристике ил., черт., диагр., карт., схем.
300 ## - ОБЩИЕ ПРИМЕЧАНИЯ
Текст примечания На обороте тит.л. перевод тит.л. на англ. яз.: Proceedings of the State hydrological institute, issue 8. Works of the Belomorsky (White Sea) methodic station / under the editorial supervision of K.M. Derjugin and V.V. Timonoff ; Central departement of hydrometeorological service attached to the Council people's commissars
320 ## - ПРИМЕЧАНИЯ О НАЛИЧИИ В ДОКУМЕНТЕ БИБЛИОГРАФИИ / УКАЗАТЕЛЯ
Текст примечания Библиогр. в конце глав
327 1# - ПРИМЕЧАНИЯ О СОДЕРЖАНИИ
Текст примечания В кн. также: Памяти Константина Михайловича Дерюгина : [некролог] / Редакционная коллегия Государственного гидрологического института
461 #0 - УРОВЕНЬ НАБОРА
Встроенное поле 001rc\3046049
-- 2001#$aТруды Государственного Гидрологического института$fЕдиная гидрометеорол. служба Союза ССР$vВып. 8
Системный номер (АБИС) связанной записи 7488202
Автор Гидрологический институт (Ленинград)
Место публикации Ленинград
Дата публикации 1936-1941
Первые сведения об ответственности Единая гидрометеорологическая служба Союза ССР
Имя издателя, распространителя и т.д. Редакционно-издательский отдел ЦУЕГМС
Заглавие Труды Государственного Гидрологического института
Номер тома Вып. 8
510 1# - ПАРАЛЛЕЛЬНОЕ ЗАГЛАВИЕ
Параллельное заглавие Proceedings of the State hydrological institute
Обозначение или номер части issue 8
Наименование части Works of the Belomorsky (White Sea) methodic station
Язык заглавия английский
607 ## - ГЕОГРАФИЧЕСКОЕ НАИМЕНОВАНИЕ КАК ПРЕДМЕТ
Географическое наименование Белое море
Формальный подзаголовок Сборники
Тематический подзаголовок Комплексные исследования
Системный номер авторитетной/нормативной записи 2140392
Идентификатор авторитетной/нормативной записи RU\NLR\AUTH\661594648
617 ## - ИЕРАРХИЧЕСКОЕ ГЕОГРАФИЧЕСКОЕ НАЗВАНИЕ, ИСПОЛЬЗУЕМОЕ КАК ПРЕДМЕТ
Другие географические объекты Северный Ледовитый океан
-- Белое море
617 ## - ИЕРАРХИЧЕСКОЕ ГЕОГРАФИЧЕСКОЕ НАЗВАНИЕ, ИСПОЛЬЗУЕМОЕ КАК ПРЕДМЕТ
Другие географические объекты Северный Ледовитый океан
-- Белое море
-- Кандалакшский залив
686 ## - ИНДЕКСЫ ДРУГИХ КЛАССИФИКАЦИЙ
Индекс Д221.9(912.2)я43
702 #1 - ИМЯ ЛИЦА - ВТОРИЧНАЯ ОТВЕТСТВЕННОСТЬ
Связь между полями z01790
Начальный элемент ввода Дерюгин
Часть имени, кроме начального элемента ввода К. М.
Даты 1878-1938
Расширение инициалов личного имени Константин Михайлович
Код отношения Редактор
-- Прочие
702 #1 - ИМЯ ЛИЦА - ВТОРИЧНАЯ ОТВЕТСТВЕННОСТЬ
Код отношения Редактор
Материалы, к которым относится поле rus
Графика поля Кириллица
Начальный элемент ввода Тимонов
Часть имени, кроме начального элемента ввода В. В.
Даты 1901-1969
Расширение инициалов личного имени Всеволод Всеволодович
Идентификатор авторитетной/нормативной записи RU\NLR\AUTH\77126579
Системный номер авторитетной/нормативной записи 109503
711 02 - НАИМЕНОВАНИЕ ОРГАНИЗАЦИИ - АЛЬТЕРНАТИВНАЯ ОТВЕТСТВЕННОСТЬ
Начальный элемент ввода Гидрологический институт
Идентифицирующий признак Ленинград
Структурное подразделение Беломорская методическая станция
Идентификатор авторитетной/нормативной записи RU\NLR\AUTH\8810006810
Системный номер авторитетной/нормативной записи 511142
790 #1 - ИМЯ ЛИЦА - АЛЬТЕРНАТИВНАЯ ФОРМА
Связь между полями z01702
Начальный элемент ввода Derjugin
Часть имени, кроме начального элемента ввода K. M.
Даты 1878-1938
790 #1 - ИМЯ ЛИЦА - АЛЬТЕРНАТИВНАЯ ФОРМА
Связь между полями z02702
Начальный элемент ввода Timonoff
Часть имени, кроме начального элемента ввода V. V.
Даты 1901-1969
801 #0 - ИСТОЧНИК ЗАПИСИ
Страна российская федерация
Организация NLR
Правила каталогизации psbo
801 #1 - ИСТОЧНИК ЗАПИСИ
Страна российская федерация
Организация ELAR
Источник данных rusmarc
801 #2 - ИСТОЧНИК ЗАПИСИ
Страна российская федерация
Организация NLR
Дата составления 20131003
Источник данных rusmarc
852 ## - МЕСТОНАХОЖДЕНИЕ И ШИФР ХРАНЕНИЯ
Идентификатор организации NLR
Шифр хранения (Call Number) 36-19/98 (8)
942 ## - ДОПОЛНИТЕЛЬНЫЕ ЭЛЕМЕНТЫ ЗАПИСИ (АБИС)
Тип экземпляра АБИС Неопределено
980 ## - КОЛЛЕКЦИЯ
Название коллекции Национальная библиография

Нет доступных экземпляров.